<?xml version="1.0" encoding="UTF-8"?>
<record
    xmlns:xsi="http://www.w3.org/2001/XMLSchema-instance"
    xsi:schemaLocation="http://www.loc.gov/MARC21/slim http://www.loc.gov/standards/marcxml/schema/MARC21slim.xsd"
    xmlns="http://www.loc.gov/MARC21/slim">

  <leader>02024nam0a2200457 i 4500</leader>
  <controlfield tag="001">RU\NLR\BIBL_A\011091672</controlfield>
  <controlfield tag="005">20260406154410.0</controlfield>
  <datafield tag="010" ind1=" " ind2=" ">
    <subfield code="a">9785906842206</subfield>
    <subfield code="9">1500</subfield>
  </datafield>
  <datafield tag="021" ind1=" " ind2=" ">
    <subfield code="a">RU</subfield>
    <subfield code="b">2016-19977</subfield>
    <subfield code="9">1270</subfield>
  </datafield>
  <datafield tag="035" ind1=" " ind2=" ">
    <subfield code="a">(NILC)RuMoRGB-008243001</subfield>
  </datafield>
  <datafield tag="035" ind1=" " ind2=" ">
    <subfield code="a">(NLR Aleph) 011091672</subfield>
  </datafield>
  <datafield tag="090" ind1=" " ind2=" ">
    <subfield code="a">11371146</subfield>
    <subfield code="c">11371146</subfield>
  </datafield>
  <datafield tag="100" ind1=" " ind2=" ">
    <subfield code="a">20160331d2016    km y0rusy50      ca</subfield>
  </datafield>
  <datafield tag="101" ind1="0" ind2=" ">
    <subfield code="a">rus</subfield>
  </datafield>
  <datafield tag="102" ind1=" " ind2=" ">
    <subfield code="a">RU</subfield>
  </datafield>
  <datafield tag="105" ind1=" " ind2=" ">
    <subfield code="a">ac||z||||00zd</subfield>
  </datafield>
  <datafield tag="200" ind1="1" ind2=" ">
    <subfield code="a">&#x41C;&#x43E;&#x438; &#x43A;&#x43E;&#x440;&#x43E;&#x43B;&#x435;&#x432;&#x44B;: &#x420;&#x430;&#x43D;&#x435;&#x432;&#x441;&#x43A;&#x430;&#x44F;, &#x417;&#x435;&#x43B;&#x451;&#x43D;&#x430;&#x44F;, &#x41F;&#x435;&#x43B;&#x44C;&#x442;&#x446;&#x435;&#x440;</subfield>
    <subfield code="f">&#x413;&#x43B;&#x435;&#x431; &#x421;&#x43A;&#x43E;&#x440;&#x43E;&#x445;&#x43E;&#x434;&#x43E;&#x432;</subfield>
  </datafield>
  <datafield tag="210" ind1=" " ind2=" ">
    <subfield code="a">&#x41C;&#x43E;&#x441;&#x43A;&#x432;&#x430;</subfield>
    <subfield code="c">&#x410;&#x43B;&#x433;&#x43E;&#x440;&#x438;&#x442;&#x43C;</subfield>
    <subfield code="d">2016</subfield>
  </datafield>
  <datafield tag="215" ind1=" " ind2=" ">
    <subfield code="a">206, [1] &#x441;.</subfield>
    <subfield code="c">&#x438;&#x43B;., &#x43F;&#x43E;&#x440;&#x442;&#x440;.</subfield>
    <subfield code="d">21</subfield>
  </datafield>
  <datafield tag="225" ind1="1" ind2=" ">
    <subfield code="a">&#x42F; &#x43F;&#x43E;&#x43C;&#x43D;&#x44E; &#x435;&#x435; &#x442;&#x430;&#x43A;&#x43E;&#x439;&#x2026;</subfield>
  </datafield>
  <datafield tag="333" ind1=" " ind2=" ">
    <subfield code="a">16+</subfield>
  </datafield>
  <datafield tag="600" ind1=" " ind2="1">
    <subfield code="a">&#x420;&#x430;&#x43D;&#x435;&#x432;&#x441;&#x43A;&#x430;&#x44F;</subfield>
    <subfield code="b">&#x424;. &#x413;.</subfield>
    <subfield code="f">1896 - 1984</subfield>
    <subfield code="g">&#x424;&#x430;&#x438;&#x43D;&#x430; &#x413;&#x440;&#x438;&#x433;&#x43E;&#x440;&#x44C;&#x435;&#x432;&#x43D;&#x430;</subfield>
    <subfield code="9">1535871</subfield>
    <subfield code="3">RU\NLR\AUTH\66970509</subfield>
  </datafield>
  <datafield tag="600" ind1=" " ind2="1">
    <subfield code="a">&#x417;&#x435;&#x43B;&#x435;&#x43D;&#x430;&#x44F;</subfield>
    <subfield code="b">&#x420;.&#x412;.</subfield>
    <subfield code="f">1902 - 1991</subfield>
    <subfield code="g">&#x420;&#x438;&#x43D;&#x430; &#x412;&#x430;&#x441;&#x438;&#x43B;&#x44C;&#x435;&#x432;&#x43D;&#x430;</subfield>
    <subfield code="9">1103368</subfield>
    <subfield code="3">RU\NLR\AUTH\66434842</subfield>
  </datafield>
  <datafield tag="600" ind1=" " ind2="1">
    <subfield code="a">&#x41F;&#x435;&#x43B;&#x44C;&#x442;&#x446;&#x435;&#x440;</subfield>
    <subfield code="b">&#x422;.&#x418;.</subfield>
    <subfield code="f">1904 - 1992</subfield>
    <subfield code="g">&#x422;&#x430;&#x442;&#x44C;&#x44F;&#x43D;&#x430; &#x418;&#x432;&#x430;&#x43D;&#x43E;&#x432;&#x43D;&#x430;</subfield>
    <subfield code="9">2235019</subfield>
    <subfield code="3">RU\NLR\AUTH\661341355</subfield>
  </datafield>
  <datafield tag="675" ind1=" " ind2=" ">
    <subfield code="a">792</subfield>
  </datafield>
  <datafield tag="686" ind1=" " ind2=" ">
    <subfield code="a">&#x429;363(2&#x420;=&#x420;&#x443;&#x441;)7-86&#x417;&#x435;&#x43B;&#x435;&#x43D;&#x430;&#x44F;</subfield>
  </datafield>
  <datafield tag="686" ind1=" " ind2=" ">
    <subfield code="a">&#x429;334.3(2&#x420;=&#x420;&#x443;&#x441;)7-86&#x417;&#x435;&#x43B;&#x435;&#x43D;&#x430;&#x44F;</subfield>
  </datafield>
  <datafield tag="686" ind1=" " ind2=" ">
    <subfield code="a">&#x429;374.3(2&#x420;)7-86&#x417;&#x435;&#x43B;&#x435;&#x43D;&#x430;&#x44F;</subfield>
  </datafield>
  <datafield tag="686" ind1=" " ind2=" ">
    <subfield code="a">&#x429;334.3(2&#x420;=&#x420;&#x443;&#x441;)7-86&#x41F;&#x435;&#x43B;&#x44C;&#x446;&#x435;&#x440;</subfield>
  </datafield>
  <datafield tag="686" ind1=" " ind2=" ">
    <subfield code="a">&#x429;374.3(2&#x420;)7-86&#x41F;&#x435;&#x43B;&#x44C;&#x446;&#x435;&#x440;</subfield>
  </datafield>
  <datafield tag="686" ind1=" " ind2=" ">
    <subfield code="a">&#x429;334.3(2&#x420;=&#x420;&#x443;&#x441;)7-86&#x420;&#x430;&#x43D;&#x435;&#x432;&#x441;&#x43A;&#x430;&#x44F;</subfield>
  </datafield>
  <datafield tag="686" ind1=" " ind2=" ">
    <subfield code="a">&#x429;374.3(2&#x420;)7-86&#x420;&#x430;&#x43D;&#x435;&#x432;&#x441;&#x43A;&#x430;&#x44F;</subfield>
  </datafield>
  <datafield tag="700" ind1=" " ind2="1">
    <subfield code="a">&#x421;&#x43A;&#x43E;&#x440;&#x43E;&#x445;&#x43E;&#x434;&#x43E;&#x432;</subfield>
    <subfield code="f">1930-2012</subfield>
    <subfield code="g">&#x413;&#x43B;&#x435;&#x431; &#x410;&#x43D;&#x430;&#x442;&#x43E;&#x43B;&#x44C;&#x435;&#x432;&#x438;&#x447;</subfield>
  </datafield>
  <datafield tag="702" ind1=" " ind2="1">
    <subfield code="4">570</subfield>
    <subfield code="8">rus</subfield>
    <subfield code="7">ca</subfield>
    <subfield code="a">&#x420;&#x430;&#x43D;&#x435;&#x432;&#x441;&#x43A;&#x430;&#x44F;</subfield>
    <subfield code="b">&#x424;. &#x413;.</subfield>
    <subfield code="f">1896-1984</subfield>
    <subfield code="g">&#x424;&#x430;&#x438;&#x43D;&#x430; &#x413;&#x440;&#x438;&#x433;&#x43E;&#x440;&#x44C;&#x435;&#x432;&#x43D;&#x430;</subfield>
    <subfield code="3">RU\NLR\AUTH\777101</subfield>
    <subfield code="9">117040</subfield>
  </datafield>
  <datafield tag="702" ind1=" " ind2="1">
    <subfield code="4">570</subfield>
    <subfield code="a">&#x417;&#x435;&#x43B;&#x435;&#x43D;&#x430;&#x44F;</subfield>
    <subfield code="b">&#x420;.&#x412;.</subfield>
    <subfield code="f">1902-1991</subfield>
    <subfield code="g">&#x420;&#x438;&#x43D;&#x430; &#x412;&#x430;&#x441;&#x438;&#x43B;&#x44C;&#x435;&#x432;&#x43D;&#x430;</subfield>
    <subfield code="3">RU\NLR\AUTH\7775042</subfield>
    <subfield code="9">57970</subfield>
  </datafield>
  <datafield tag="702" ind1=" " ind2="1">
    <subfield code="a">&#x41F;&#x435;&#x43B;&#x44C;&#x442;&#x446;&#x435;&#x440;</subfield>
    <subfield code="b">&#x422;.&#x418;.</subfield>
    <subfield code="f">1904-1992</subfield>
    <subfield code="g">&#x422;&#x430;&#x442;&#x44C;&#x44F;&#x43D;&#x430; &#x418;&#x432;&#x430;&#x43D;&#x43E;&#x432;&#x43D;&#x430;</subfield>
    <subfield code="4">570</subfield>
  </datafield>
  <datafield tag="801" ind1=" " ind2="0">
    <subfield code="a">RU</subfield>
    <subfield code="b">&#x420;&#x413;&#x411;</subfield>
    <subfield code="c">20160314</subfield>
    <subfield code="g">RCR</subfield>
  </datafield>
  <datafield tag="942" ind1=" " ind2=" ">
    <subfield code="c">BOOK</subfield>
  </datafield>
  <datafield tag="980" ind1=" " ind2=" ">
    <subfield code="a">NBR</subfield>
  </datafield>
</record>
